Cities of salt : (Rekord nr 47265)
| 000 -ETYKIETA REKORDU | |
|---|---|
| podpole kontrolne o stałej długości | 00737nam a2200229 i 4500 |
| 001 - NUMER KONTROLNY REKORDU | |
| pole kontrolne | bgj |
| 020 ## - MIĘDZYNARODOWY ZNORMALIZOWANY NUMER KSIĄŻKI - ISBN | |
| ISBN | 0394570081 (hbk) |
| 040 ## - ŹRÓDŁO KATALOGOWANIA | |
| Instytucja, która utworzyła rekord | BPK |
| 041 1# - KOD JĘZYKA | |
| Kod języka tekstu | eng |
| Kod języka oryginału | arar |
| 920 ## - Międzynarodowy znormalizowany numer książki – ISBN | |
| ISBN | 0-394-57008-1 (hbk) |
| 008 - POLE O STAŁEJ DŁUGOŚCI - DANE KONTROLNE | |
| podpole kontrolne o stałej długości | s uk f |000 0 eng |
| 100 1# - NAZWA OSOBOWA | |
| Nazwa osobowa | MUNIF, 'Abd al-Rahman. |
| 245 10 - TYTUŁ/ODPOWIEDZIALNOŚĆ | |
| Tytuł | Cities of salt : |
| Ciąg dalszy tytułu | a novel / |
| Pozostałe elementy strefy tytułu i oznaczenia odpowiedzialności | Abdelrahman Munif ; transl. from the Arabic by Peter Theroux. |
| 250 ## - STREFA WYDANIA | |
| Oznaczenie wydania | 1st American ed. |
| 260 ## - STREFA ADRESU WYDAWNICZEGO | |
| Miejsce wydania | New York : |
| Nazwa wydawcy/dystrybutora | Random House, |
| Data publikacji, dystrybucji/powstania dokumentu | cop. 1987. |
| 300 ## - STREFA OPISU FIZYCZNEGO | |
| Objętość | 627 pp ; |
| Rozmiary | 22 cm. |
| 500 ## - UWAGI OGÓLNE | |
| Tekst uwagi | Transl. of : Mudun al-milh. |
| 500 ## - UWAGI OGÓLNE | |
| Tekst uwagi | Correct spelling of the name of the author 'Abd al-Rahman Munif. |
| 650 #9 - HASŁO PRZEDMIOTOWE W FORMIE NAZWY OGÓLNEJ LUB JEDNOSTKOWEJ | |
| Nazwa ogólna lub geograficzna | Arabic fiction |
| Określnik chronologiczny | 20th century |
| 700 1# - HASŁO DODATKOWE - NAZWA OSOBOWA | |
| Nazwa osobowa | Munif, Abdelrahman. |
| Określenie związku między hasłem a opisywanym materiałem | auth. |
| 942 ## - DODATKOWE ELEMENTY (KOHA) | |
| Typ dokumentu | Książka |
| Wycofany | Status egzemplarza | Uszkodzony | Dostępność | Lokalizacja stała | Lokalizacja bieżąca | Miejsce przechowywania | Sygnatura | Kod kreskowy | Typ dokumentu |
|---|---|---|---|---|---|---|---|---|---|
| Dostępny | Biblioteka Politechniki Koszalińskiej | Biblioteka Politechniki Koszalińskiej | Wypożyczalnia Językowa | KA 2647 | 09086333 | Książka |
